| 000 | 00472nam a2200181Ia 4500 | ||
|---|---|---|---|
| 005 | 20250508155723.0 | ||
| 008 | 008 250505s9999 xx 000 0 eng d | ||
| 037 | _aTextual | ||
| 040 |
_aFEDL _beng _cFEDL |
||
| 041 |
_aeng _2eng |
||
| 084 |
_a517, LAN _qFEDL |
||
| 100 | _aLang Serge | ||
| 245 | 0 | _aAnalysis II | |
| 260 |
_aReading _bAddison-Wesley Publishing Company _c1969 |
||
| 300 | _a476p. | ||
| 942 |
_cTEXL _h517, LAN |
||
| 999 |
_c1358950 _d1358950 |
||